| 000 | 00738nam a2200253Ia 4500 | ||
|---|---|---|---|
| 003 | OSt | ||
| 005 | 20220925231828.0 | ||
| 006 | a|||||r|||| 00| 0 | ||
| 007 | ta | ||
| 008 | 220923b |||||||| |||| 00| 0 eng d | ||
| 037 | _cGeneral Book | ||
| 040 |
_aRTL _cRTL _beng |
||
| 041 |
_2eng _aeng |
||
| 082 | _aB37:1M5, J7 | ||
| 100 |
_aSpringer George _9296188 |
||
| 245 | 0 | _aIntroduction to Riemann surfaces | |
| 260 |
_aMassachusetts _bAddison-Wesley _c1957 |
||
| 300 |
_avii,307p _ccm. |
||
| 490 | _aAddison-Wesley Mathematics Series Ed by Eric Reissner | ||
| 500 | _aBibliography: P 300-302 | ||
| 650 | _aReal Variable | ||
| 942 |
_hB37:1M5, J7 _cGB _2CC |
||
| 999 |
_c589551 _d589551 |
||